• 首页
  • 本馆介绍
  • 公告通知
  • 最新文献
  • 馆藏检索
  • 电子资源
  • 读者导购
  • 参考咨询
  • 我的图书馆
  • 登录
  • 详细信息显示
  • 放入我的书架
  • 预约/预借图书
  • 作者相关作品
  • 分类相关作品
  • 丛书相关作品
  • 出版社相关作品

书目信息

  • 表格格式
  • 工作单格式
  • 卡片格式
题名:
2016年神华集团党建思想政治工作优秀研究成果选集
    
 
作者: 韩建国 主编
分册:  
出版信息: 北京   煤炭工业出版社  2017
页数: 484页
开本: 26cm
丛书名:
单 册:
中图分类: D412.62-53
科图分类:
主题词: 国有煤炭企业--政治工作--中国--文集
电子资源:
ISBN: 978-7-5020-5936-1
000 00994nam0 2200229 450
001 012001001429
005 20140921103355.0
010    @a978-7-5020-5936-1@dCNY98.00
100    @a20171222d2017 em y0chiy50 ea
101 0  @achi
102    @aCN@b110000
105    @ay z 000yy
106    @ar
200 1  @a2016年神华集团党建思想政治工作优秀研究成果选集@92016 nian shen hua ji tuan dang jian si xiang zheng zhi gong zuo you xiu yan jiu cheng guo xuan ji@f韩建国主编
210    @a北京@c煤炭工业出版社@d2017
215    @a484页@d26cm
330    @a本书包含2016年神华集团党建思想政治工作优秀研究成果论文60篇,其中一等奖15篇,二等奖20篇,三等奖25篇。 论文方向为开展企业党建思想政治理论课题研究,探索党建思想政治工作的自然规律,并把这种规律上升为理论,帮助广大政工人员解决思想政治工作中存在的各种问题。
606 0  @a国有煤炭企业@x政治工作@y中国@j文集
690    @aD412.62-53@v5
701  0 @a韩建国@9han jian guo@4主编
801  0 @aCN@b上海新华@c20180901
905    @b1156401-4@dD412.62-53@e47@f4
    
    2016年神华集团党建思想政治工作优秀研究成果选集/韩建国主编.-北京:煤炭工业出版社,2017
    484页;26cm
    
    
    ISBN 978-7-5020-5936-1:CNY98.00
    本书包含2016年神华集团党建思想政治工作优秀研究成果论文60篇,其中一等奖15篇,二等奖20篇,三等奖25篇。 论文方向为开展企业党建思想政治理论课题研究,探索党建思想政治工作的自然规律,并把这种规律上升为理论,帮助广大政工人员解决思想政治工作中存在的各种问题。
●
相关链接 在E读中查询图书 在五车中查询图书 在当当中查询图书 在豆瓣中查询图书


正题名:2016年神华集团党建思想政治工作优秀研究成果选集     索取号:D412.62-53/47         预约/预借

序号 登录号 条形码 馆藏地/架位号 状态 备注
1 1156401   211564010   第一样本阅览室/ [索取号:D412.62-53/47] 在馆    
2 1156402   211564029   密集书库-史法系/ [索取号:D412.62-53/47] 在馆    
3 1156403   211564038   第一借阅区/ [索取号:D412.62-53/47] 在馆    
4 1156404   211564047   第一借阅区/ [索取号:D412.62-53/47] 在馆    
欢迎您!
大连网信软件有限公司© 版权所有